00365nam a2200145Ia 4500008004100000020001800041041000800059082001600067100001900083245002900102260002400131300002800155365001700183700001900200230718s9999 xx 000 0 und d a9780262038034 aeng a006.32bSEJ aSejnowski T.J. aDeep Learning Revolution c2018bThe MIT Press a342dRef 124 IT (61691) cRs.b2237.26 aSejnowski T.J.